LEADER 05169nam 2200673 450 001 9910672288903321 005 20200715120001.0 010 $a84-9085-404-1 035 $a(CKB)3710000000617096 035 $a(EBL)4536370 035 $a(MiAaPQ)EBC4536370 035 $a(OCoLC)984825545 035 $a(FlNmELB)ELB58149 035 $a(EXLCZ)993710000000617096 100 $a20160803d2015 uy 0 101 0 $aspa 135 $aur|n|---||||| 181 $2rdacontent 182 $2rdamedia 183 $2rdacarrier 200 13$aLa responsabilidad civil extracontractual de los empresarios $eestudio comparado entre Espan?a y Puerto Rico /$fCharles Zeno Santiago 210 1$aMadrid :$cDykinson,$d2015. 215 $a1 online resource (308 p.) 225 1 $aInstituto de Derecho Comparado 300 $aContiene i?ndice. 311 $a84-9085-378-9 320 $aContiene bibliografi?a. 327 $aLA RESPONSABILIDAD CIVIL EXTRACONTRACTUAL (...); PA?GINA LEGAL; ABREVIATURAS; I?NDICE; PRO?LOGO; INTRODUCCIO?N Y DELIMITACIO?N DEL TEMA; I. ANTECEDENTES HISTO?RICOS DE LA (...); II. LA RESPONSABILIDAD CIVIL EXTRACONTRACTUAL (...); III. EL MODELO IDEAL DE RESPONSABILIDAD (...); IV. MODALIDADES ESPECI?FICAS DE LA RESPONSABILIDAD; V. CAUSAS DE EXONERACIO?N; VI. LA DESINTEGRACIO?N DEL DERECHO CIVIL: (...); VII. LA RESPONSABILIDAD CIVIL EXTRACONTRACTUAL (...); VIII. LA EUROPEIZACIO?N DEL MODELO DE RESPONSABILIDAD; ANEXOS; BIBLIOGRAFI?A; 1.1. INTRODUCCIO?N; 1.2. ANTECEDENTES HISTO?RICOS DE LA (...) 327 $a1.3. ANTECEDENTES HISTO?RICOS DE LA (...)2.1. INTRODUCCIO?N; 2.2. ENFOQUE MODERNO DE LA RESPONSABILIDAD (...); 2.3. LOS SUPUESTOS DE LA RESPONSABILIDAD (...); 2.4. LA NIVELACIO?N O ACCIO?N DE REGRESO; 2.5. SI?NTESIS; 3.1. INTRODUCCIO?N; 3.2. FUNDAMENTOS Y REQUISITOS DE LA DOCTRINA (...); 3.3. OTROS REGI?MENES HOMO?LOGOS DE (...); 3.4. ANA?LISIS COMPARADO EN EL COMMON LAW; 4.1. INTRODUCCIO?N; 4.2 MODALIDADES ESPECI?FICAS; 5.1. CAUSAS DE EXONERACIO?N; 6.1. DEFINICIO?N DE LA LOCATIO CONDUCTIO; 6.2. LA DESINTEGRACIO?N DEL DERECHO CIVIL; 6.3. LA DESINTEGRACIO?N DEL DERECHO DEL (...) 327 $a6.4. CONSTITUCIONALIZACIO?N DEL DERECHO (...)7.1. INTRODUCCIO?N; 7.2. HISTORIA DE LOS SISTEMAS DE INDEMNIZACIONES; 7.3. LA RESPONSABILIDAD CIVIL POR ACCIDENTES (...); 7.4. LA RESPONSABILIDAD CIVIL POR ACCIDENTES (...); 7.5. SISTEMA DE INDEMNIZACIO?N A OBREROS (...); 7.6. SI?NTESIS Y RECOMENDACIONES; 8.1. INTRODUCCIO?N; 8.2. ENFOQUE DE LOS PRINCIPIOS DE LA (...); 8.3. DERECHO COMUNITARIO Y SU TRASPOSICIO?N (...); 8.4. ORDENAMIENTO JURI?DICO Y SISTEMA LEGAL; 8.5. LA UNIFICACIO?N DEL DERECHO DE LAS (...); 8.6. ROL DE LA JURISPRUDENCIA DEL TJUE (...); 8.7. DERECHO FEDERAL NORTEAMERICANO Y SU (...) 327 $aANEXO 1 TABLA DE PAISES EUROPEOS CON O (...)ANEXO 2 TABLA DE PAISES EUROPEOS CON O (...); ANEXO 3 MODELO DE ESTATUTO DE RESPONSABILIDAD (...); REVISTAS JURI?DICAS; A. FUENTES CONSULTADAS DE ESPAN?A; B. FUENTES CONSULTADAS DE LA U.E.; C. FUENTES CONSULTADAS PUERTO RICO; D. FUENTES CONSULTADAS ESTADOS UNIDOS; E. FUENTES CONSULTADAS OTROS PAI?SES; 1.2.1. DERECHO ROMANO; 1.2.2. DERECHO HISTO?RICO ESPAN?OL; 1.2.3. CO?DIGO CIVIL DE PUERTO RICO Y SUS (...); 1.3.1. DERECHO CIVIL INGLE?S; 1.3.2. LOS WRITS DE ACCIONES PERSONALES; 1.3.3. ACCIONES EQUITY; 1.3.4. ESTADOS UNIDOS; 1.3.5. EL COMMON LAW OF TORTS 327 $a2.2.1. LA CONDICIO?N DE «AUXILIAR»2.3.1. INTRODUCCIO?N; 2.3.2. LA RELACIO?N DE DEPENDENCIA ENTRE (...); 2.3.3. EL AUXILIAR DEBE ACTUAR DENTRO DEL (...); 2.3.4. LA CONDUCTA NEGLIGENTE DEL AUXILIAR, (...); 3.2.1. LAS GRADACIONES DE LA CULPA; CULPA (...); 3.2.2. NUEVO ENFOQUE Y TENDENCIA DE LA (...); 3.2.3. LA RESPONSABILIDAD SIN CULPA EN (...); 3.4.1. ASPECTOS GENERALES; 3.4.2. RESPONSABILIDAD VICARIA EN EE.UU.; 4.2.1. RESPONSABILIDAD CIVIL SANITARIA (...); 4.2.2. RESPONSABILIDAD CIVIL DEL ESTADO; 4.2.3. RESPONSABILIDAD CIVIL DE LOS CONTRATOS (...); 4.2.4. RESPONSABILIDAD CIVIL DE LAS (...) 327 $a4.2.5. RESPONSABILIDAD CIVIL DE LOS TRANSPORTISTAS 410 0$aInstituto de Derecho Comparado. 606 $aRelaciones laborales$xResponsabilidad$zPuerto Rico 606 $aRelaciones laborales$xResponsabilidad$zEspan?a 606 $aPersona juri?dica$xResponsabilidad civil 606 $aResponsabilidad civil$zEspan?a 606 $aJuristic persons$zSpain 606 $aLiability (Law)$zSpain 606 $aCivil rights$zSpain 606 $aDerecho civil$zEspan?a 608 $aLibros electronicos. 615 4$aRelaciones laborales$xResponsabilidad 615 4$aRelaciones laborales$xResponsabilidad 615 4$aPersona juri?dica$xResponsabilidad civil. 615 4$aResponsabilidad civil 615 0$aJuristic persons 615 0$aLiability (Law) 615 0$aCivil rights 615 4$aDerecho civil 676 $a346.46013 700 $aZeno Santiago$b Charles$01333276 801 0$bFINmELB 801 1$bFINmELB 906 $aBOOK 912 $a9910672288903321 996 $aLa responsabilidad civil extracontractual de los empresarios$93042266 997 $aUNINA LEADER 01863nam 2200505 450 001 9910702696903321 005 20140912125323.0 035 $a(CKB)5470000002429215 035 $a(OCoLC)890471869 035 $a(EXLCZ)995470000002429215 100 $a20140912j19831109 ua 0 101 0 $aeng 135 $aurbn||||||||| 181 $ctxt$2rdacontent 182 $cc$2rdamedia 183 $acr$2rdacarrier 200 10$aPlasma wave experiment for the ISEE-3 mission /$fby F.L. Scarf, principal investigator 210 1$aRedondo Beach, California :$cApplied Technology Division TRW Space and Technology Group, ;$aGreenbelt, Maryland :$cNASA Goddard Space Flight Center ,$d9 November 1983. 215 $a1 online resource (26 unnumbered pages) $cillustrations 225 1 $aNASA CR ;$v175132 225 1 $aTRW tech. report ;$vno. 23499-6033-UT.00 300 $aTitle from title screen (viewed on Sept. 12, 2014). 300 $a"9 November 1983." 320 $aIncludes bibliographical references (pages [24-26]). 606 $aBow waves$2nasat 606 $aCollisionless plasmas$2nasat 606 $aEarth magnetosphere$2nasat 606 $aInternational Sun Earth Explorer 3$2nasat 606 $aMagnetohydrodynamic stability$2nasat 606 $aSolar wind$2nasat 615 7$aBow waves. 615 7$aCollisionless plasmas. 615 7$aEarth magnetosphere. 615 7$aInternational Sun Earth Explorer 3. 615 7$aMagnetohydrodynamic stability. 615 7$aSolar wind. 700 $aScarf$b F. L.$01412861 712 02$aTRW Inc.$bSpace and Technology Group.$bApplied Technology Division, 712 02$aGoddard Space Flight Center, 801 0$bGPO 801 1$bGPO 906 $aBOOK 912 $a9910702696903321 996 $aPlasma wave experiment for the ISEE-3 mission$93507813 997 $aUNINA